| 000 | 00444nam a2200145Ia 4500 | ||
|---|---|---|---|
| 008 | 140611s9999 xx 000 0 und d | ||
| 020 | _a9789718740811 | ||
| 050 |
_aQA 303 _b.Al385 2013 |
||
| 100 | _aAlfarez, Gerald S. | ||
| 245 |
_aMSA introduction to calculus / _cGerald S Alfarez. |
||
| 260 |
_aQuezon City, Philippines : _bMSA Publishing House, _cc2013. |
||
| 300 |
_a165 p. : _c26 cm. |
||
| 650 |
_aMathematics _xCalculus |
||
| 999 |
_c118433 _d118433 |
||